000 00323 a2200109 4500
001 ART_48941
005 20260410162033.0
008 260409a
245 1 0 _aSeguro. Aseguradores de vida. CCT 283/1997
100 1 _aGodoy, Laura M.
773 0 _tLiquidación de sueldos
_g- N° 156 (mayo 2019)
_wREV44399
999 _c34153
_d34153